000 00477nam a22001937a 4500
003 MPLRDC
005 20220104155452.0
008 210129b ||||| |||| 00| 0 eng d
020 _a7-227-01875-X
082 _a912.31 LJZ
100 _a李近朱
245 _a交响乐名曲欣赏
_c
250 _a第一版
260 _a中国
_b宁夏人民出版社
_c1998
300 _b
490 _a交响音乐欣赏丛书
650 _a交响乐
942 _cBK
_o912.31 LJZ
999 _c54512
_d54502